000 00655nam a2200241Ia 4500
001 15923
003 GE_BSU
008 181216s||||||||xx |||||||||||||| ||und||
040 _cGE_BSU
080 _a821.353.1-1
100 _aჯაში, ნანი
245 _aბათუმში წვიმს
245 _bლექსები
245 _cრედ.გ.ფაღავა
260 _aბათუმი
260 _bგამ-ბა აჭარა
260 _c1998
300 _a44გვ. ; 10სმ
541 _h1ლ.
653 _aბათუმში წვიმს
653 _aლექსები
942 _cBK
999 _c49018
_d49018